[Event "Tourn. n10098"]
[Site "www.echecsemail.com"]
[Date "2019.04.19"]
[Round "1"]
[White "Apdash"]
[Black "Coolant"]
[WhiteElo "2190"]
[BlackElo "2310"]
[Result "0-1"]
[Round "1"]
1.d4 Ng8f6
2.c4 g6
3.Nb1c3 d5
4.cxd5 Nf6xd5
5.e4 Nd5xc3
6.bxc3 c5
7.d5 Bf8g7
8.Bc1d2 O-O
9.Ra1b1 b6
10.f4 Bc8b7
11.Ng1f3 e6
12.c4 exd5
13.cxd5 Qd8e7
14.Qd1e2 Rf8e8
15.Kf2 Qe7xe4
16.Qe2xe4 Re8xe4
17.Bf1d3 Re4a4
18.Rh1e1 Nb8a6
19.d6 Ra4xa2
20.Bd3xa6 Bb7xf3
21.Kxf3 Ra2xd2
22.Rb1d1 Rd2xd1
23.Re1xd1 f5
24.d7 Ra8d8
25.Ba6c8 c4
26.Rd1d5 Kf7
27.Ke2 Ke6
28.Rd5b5 Rd8xd7
29.Bc8xd7 Kxd7
30.Kd2 c3
31.Kc2 Kc6
32.Rb5b1 a5
33.Rb1e1 b5
34.Re1e7 Bg7d4
35.Re7xh7 b4
36.Kb3 a4
37.Kc2 b3
38.Kb1 c2
{ resign }
0-1

[Event "Tourn. n10042"]
[Site "www.echecsemail.com"]
[Date "2019.04.19"]
[Round "1"]
[White "Stepanpech"]
[Black "Apdash"]
[WhiteElo "2570"]
[BlackElo "2230"]
[Result "1-0"]
[Round "1"]
1.c4 c5
2.Nb1c3 e6
3.Ng1f3 d5
4.cxd5 exd5
5.d4 c4
6.e4 dxe4
7.Nf3g5 Bf8e7
8.Bf1xc4 Be7xg5
9.Qd1h5 g6
10.Qh5xg5 Qd8xg5
11.Bc1xg5 h6
12.Bg5f4 f5
13.Nc3b5 Nb8a6
14.Bf4e5 { resign }
1-0

[Event "Tourn. n10105"]
[Site "www.echecsemail.com"]
[Date "2019.04.19"]
[Round "1"]
[White "Fabos12"]
[Black "Bojan"]
[WhiteElo "1900"]
[BlackElo "2060"]
[Result "0-1"]
[Round "1"]
1.d4 c6
2.Ng1f3 g6
3.c4 b6
4.Nb1c3 Bf8g7
5.Bc1f4 Bc8b7
6.e3 d6
7.Bf1d3 Ng8f6
8.h3 Nf6h5
9.Bf4h2 { time. }
0-1

[Event "Match"]
[Site "www.echecsemail.com"]
[Date "2019.04.19"]
[Round "1"]
[White "Bojan"]
[Black "Mitja"]
[WhiteElo "2020"]
[BlackElo "2040"]
[Result "0-1"]
[Round "1"]
1.d4 d5
2.Nb1d2 e6
3.c4 dxc4
4.Nd2xc4 c6
5.a3 h6
6.b4 Ng8f6
7.h3 b6
8.Bc1f4 Bc8b7
9.e3 Nf6d5
10.Bf4g3 Nb8d7
11.Bg3d6 Bf8e7
12.Qd1d3 Nd7f6
13.Bd6e5 b5
14.Nc4a5 Bb7a6
15.Na5xc6 Qd8d7
16.Nc6xe7 Qd7xe7
17.Ra1c1 O-O
18.Bf1e2 Ra8c8
19.Rc1c2 Rc8xc2
20.Qd3xc2 Rf8c8
21.Qc2b2 Nd5c3
22.Be2d3 Qe7b7
23.Ng1f3 Nc3a4
24.Qb2e2 Rc8c1
25.Kd2 Rc1xh1
26.Be5xf6 gxf6
27.Nf3e1 Qb7c6
28.e4 Qc6c3
29.Ke3 Rh1xe1
{ resign }
0-1

[Event "Tourn. n10080"]
[Site "www.echecsemail.com"]
[Date "2019.04.19"]
[Round "1"]
[White "Apdash"]
[Black "Coolant"]
[WhiteElo "2150"]
[BlackElo "2280"]
[Result "0-1"]
[Round "1"]
1.e4 c5
2.Ng1f3 e6
3.d4 cxd4
4.Nf3xd4 a6
5.Bf1e2 Qd8c7
6.O-O Ng8f6
7.f3 Bf8c5
8.Kh1 Nb8c6
9.c3 d5
10.exd5 Nf6xd5
11.Rf1e1 Bc5xd4
12.cxd4 O-O
13.Nb1c3 Nc6e7
14.Nc3e4 Bc8d7
15.Bc1d2 Ra8c8
16.Ra1c1 Bd7c6
17.Ne4c5 Ne7f5
18.Rc1c4 Nf5e3
19.Nc5xa6 bxa6
20.Rc4xc6 Qc7xc6
21.Bd2xe3 Nd5xe3
22.Qd1d3 Qc6c1
23.Re1g1 Ne3d5
24.Qd3xa6 Qc1xb2
25.a4 Nd5b4
26.Qa6b5 Rc8b8
27.Qb5e5 Nb4c6
28.Qe5e3 Rb8b3
29.Qe3e4 Nc6xd4
30.Be2d3 f5
31.Qe4e3 Qb2c3
32.Rg1d1 Rf8d8
33.h4 Qc3c4
34.Qe3g5 Qc4d5
35.Bd3c4 h6
36.Bc4xd5 hxg5
37.Bd5xb3 gxh4
38.Kg1 Kf7
39.Kf2 Ke7
40.Bb3c4 g5
41.Rd1b1 Rd8c8
42.Bc4b5 Rc8c2
43.Ke3 e5
44.Bb5f1 Rc2a2
45.Rb1b7 Kd6
46.Bf1b5 Ra2xg2
47.Bb5e8 Rg2g3
48.a5 Rg3xf3
49.Kd2 Rf3a3
50.Rb7g7 g4
51.a6 Ra3xa6
52.Rg7g6 Nd4e6
53.Be8f7 Ke7
54.Bf7g8 Ra6d6
55.Ke1 Ne6f4
56.Rg6g7 Kf8
57.Rg7g5 Rd6g6
58.Rg5xg6 Nf4xg6
59.Bg8e6 Ng6e7
{ resign }
0-1

[Event "Match"]
[Site "www.echecsemail.com"]
[Date "2019.04.19"]
[Round "1"]
[White "Aperturaf"]
[Black "Nevaeh"]
[WhiteElo "2760"]
[BlackElo "2349"]
[Result "0-1"]
[Round "1"]
1.e4 e5
2.Ng1f3 Nb8c6
3.Bf1b5 a6
4.Bb5xc6 dxc6
5.O-O Qd8d6
6.Nb1a3 Bc8e6
7.Qd1e2 f6
8.Rf1d1 O-O-O
9.d4 Be6g4
10.Bc1e3 Qd6e6
11.dxe5 Rd8e8
12.h3 Bg4xf3
13.Qe2xf3 fxe5
14.Qf3e2 Ng8f6
15.f3 Rh8g8
16.Qe2d3 g5
17.Qd3b3 h5
18.g4 Qe6e7
19.Kg2 Qe7h7
20.Be3f2 Rg8h8
21.Rd1h1 Nf6d7
22.Ra1d1 Nd7c5
23.Qb3e3 Qh7f7
24.Qe3xg5 Nc5e6
25.Qg5f5 Qf7g8
26.Na3c4 Bf8h6
27.Bf2c5 Kb8
28.Nc4xe5 Ne6xc5
29.Ne5xc6 bxc6
30.Qf5xc5 Qg8e6
31.Qc5a3 Rh8g8
32.Qa3b3 Kc8
33.Qb3d3 Kb7
34.Qd3b3 Qe6xb3
35.axb3 Bh6f4
36.Rd1d7 Rg8f8
37.Rd7d1 a5
38.Rd1d7 Kb6
39.Rh1e1 hxg4
40.fxg4 Bf4e5
41.c3 Rf8f4
42.Rd7h7 Re8f8
43.Re1e2 Rf4f3
44.Kg1 Rf3g3
{ resign }
0-1

[Event "Tourn. n10087"]
[Site "www.echecsemail.com"]
[Date "2019.04.20"]
[Round "1"]
[White "Fegatux"]
[Black "Picifarkinca"]
[WhiteElo "2240"]
[BlackElo "2110"]
[Result "0-1"]
[Round "1"]
1.d4 d5
2.c4 e6
3.Ng1f3 Ng8f6
4.g3 Bf8e7
5.Bf1g2 O-O
6.O-O c6
7.Qd1c2 b6
8.Nf3e5 Bc8b7
9.Rf1d1 Nb8d7
10.Ne5xd7 Qd8xd7
11.b3 Ra8c8
12.Nb1d2 c5
13.e3 cxd4
14.exd4 dxc4
15.Bg2xb7 Qd7xb7
16.bxc4 Rf8d8
17.Bc1b2 b5
18.c5 Nf6d5
19.Qc2e4 Qb7c6
20.Nd2b3 b4
21.Rd1d3 Qc6b5
22.Rd3d1 a5
23.Qe4d3 Rc8b8
24.Qd3xb5 Rb8xb5
25.Ra1c1 a4
26.Nb3d2 Be7g5
27.f4 Bg5e7
28.Kf2 b3
29.a3 Rd8c8
30.Rc1c4 Rc8a8
31.Nd2e4 Kf8
32.Ke2 Ke8
33.Kd2 Kd7
34.Rd1e1 Kc6
35.Kc1 h5
36.h4 Rb5b8
37.Kd2 g6
38.Ne4f2 Be7d8
39.Kc1 Bd8a5
40.Re1e2 Ba5c7
41.Kb1 Kb5
42.Rc4c1 Kc6
43.Nf2d3 Rb8f8
44.Re2e4 Kb5
45.Nd3e5 Ra8c8
46.Re4e1 Bc7a5
47.Re1e2 Ba5c7
48.Bb2c3 Nd5e7
49.Re2e4 Ne7f5
50.Bc3e1 Nf5e7
51.Kb2 Ne7d5
52.Ne5d7 Rf8d8
53.c6 Bc7d6
54.Nd7e5 Rc8c7
55.Ne5xg6 fxg6
56.Re4xe6 Rc7xc6
57.Rc1xc6 Kxc6
58.Be1a5 Rd8g8
59.Kc1 Kd7
60.Re6e2 Bd6xa3
61.Kb1 Rg8c8
62.Re2e1 Nd5c3
63.Ba5xc3 Rc8xc3
{ resign }
0-1

[Event "Match"]
[Site "www.echecsemail.com"]
[Date "2019.04.20"]
[Round "1"]
[White "Micheles"]
[Black "Ztornad"]
[WhiteElo "2500"]
[BlackElo "1930"]
[Result "1-0"]
[Round "1"]
1.d4 d5
2.Ng1f3 f6
3.c3 Bc8f5
4.Qd1b3 Bf5c8
5.c4 Bc8e6
6.Qb3xb7 Nb8d7
7.Qb7c6 dxc4
8.Qc6xe6 Qd8c8
9.e4 Nd7b6
10.Bf1xc4 Qc8xe6
11.Bc4xe6 Nb6d7
12.Nb1c3 g5
13.Nc3d5 O-O-O
14.Bc1e3 Kb7
15.Ra1c1 c6
16.Nd5b4 Nd7b8
17.d5 Rd8d6
18.dxc6 Kc7
19.Nb4d5 Rd6xd5
20.exd5 Bf8h6
21.Nf3d4 a6
22.Be3d2 f5
23.Bd2a5 Kd6
24.c7 Ng8f6
25.cxb8Q Rh8xb8
26.Ba5c7 
1-0

[Event "Match"]
[Site "www.echecsemail.com"]
[Date "2019.04.20"]
[Round "1"]
[White "Karlgrocer"]
[Black "Yudoka"]
[WhiteElo "1930"]
[BlackElo "1809"]
[Result "0-1"]
[Round "1"]
1.d4 d5
2.e3 Ng8f6
3.Ng1f3 c5
4.dxc5 Qd8a5
5.Nb1d2 Qa5xc5
6.Bf1e2 Nb8c6
7.O-O e5
8.a3 Bc8f5
9.c4 a5
10.b3 Ra8d8
11.Bc1b2 dxc4
12.Be2xc4 b5
13.Bc4e2 Bf8d6
14.Ra1c1 Qc5b6
15.Qd1e1 O-O
16.Nd2b1 Bf5e6
17.Nb1d2 Rd8d7
18.Nd2b1 Be6xb3
19.Nb1c3 b4
20.axb4 Bd6xb4
21.h3 Nf6e4
22.Be2d1 Bb3xd1
23.Rc1xd1 Rd7xd1
24.Qe1xd1 Ne4xc3
25.Bb2xc3 Bb4xc3
26.Qd1c2 Bc3b2
27.Rf1b1 Rf8b8
28.Nf3d2 g6
29.Nd2c4 Qb6c5
30.Rb1xb2 Rb8xb2
31.Qc2xb2 Qc5xc4
{ resign }
0-1

[Event "Match"]
[Site "www.echecsemail.com"]
[Date "2019.04.21"]
[Round "1"]
[White "Yudoka"]
[Black "D4minance"]
[WhiteElo "2260"]
[BlackElo "2550"]
[Result "0-1"]
[Round "1"]
1.d4 Ng8f6
2.Ng1f3 g6
3.Bc1g5 Bf8g7
4.Nb1d2 O-O
5.c3 d6
6.e4 c5
7.dxc5 dxc5
8.Bf1c4 Nb8c6
9.Qd1e2 h6
10.Bg5e3 b6
11.h3 Qd8c7
12.O-O Bc8b7
13.Rf1e1 Ra8d8
14.Ra1d1 e6
15.a3 Nc6e7
16.Bc4d3 g5
17.g3 Ne7g6
18.Bd3c2 Rd8d7
19.Qe2c4 Rf8d8
20.a4 Qc7c8
21.a5 g4
22.hxg4 Nf6xg4
23.axb6 axb6
24.Bc2a4 Rd7d3
25.Ba4c2 Ng6e5
26.Nf3xe5 Ng4xe3
27.Bc2xd3 Ne3xc4
{ resign }
0-1

[Event "Tourn. n10091"]
[Site "www.echecsemail.com"]
[Date "2019.04.21"]
[Round "1"]
[White "Johnmcbride"]
[Black "Estonia"]
[WhiteElo "1950"]
[BlackElo "1970"]
[Result "0-1"]
[Round "1"]
1.e4 e5
2.Nb1c3 Ng8f6
3.Ng1f3 d6
4.d4 Bc8g4
5.dxe5 Bg4xf3
6.gxf3 dxe5
7.Qd1xd8 Kxd8
8.Bf1c4 Bf8b4
9.Bc1d2 Ke7
10.O-O-O Bb4xc3
11.Bd2xc3 Nb8c6
12.Rh1g1 g6
13.a3 Rh8d8
14.b4 Nc6d4
15.Bc3xd4 Rd8xd4
16.Rd1xd4 exd4
17.h4 h5
18.Rg1g5 a6
19.Bc4d5 c6
20.Bd5b3 Ra8d8
21.Rg5e5 Kf8
22.Re5c5 d3
23.Kd2 dxc2
24.Kxc2 Kg7
25.Rc5c4 Nf6g8
26.f4 Ng8f6
27.f3 Nf6g8
28.f5 gxf5
29.exf5 Ng8e7
30.Rc4c5 f6
31.Bb3e6 Rd8d4
32.Kc3 Rd4xh4
33.Kd3 Rh4h2
34.Rc5a5 h4
35.Ke3 h3
36.Kf4 Rh2g2
{ resign }
0-1

[Event "Tourn. n10120"]
[Site "www.echecsemail.com"]
[Date "2019.04.21"]
[Round "1"]
[White "Bojan"]
[Black "Fegatux"]
[WhiteElo "2020"]
[BlackElo "2290"]
[Result "0-1"]
[Round "1"]
1.d4 Ng8f6
2.g3 g6
3.Bf1g2 Bf8g7
4.e4 d6
5.f4 O-O
6.Bc1e3 Nf6g4
7.Qd1d3 Ng4xe3
8.Qd3xe3 c5
9.c3 cxd4
10.cxd4 Qd8b6
11.Qe3d2 Bg7xd4
12.Nb1c3 Bd4xg1
13.O-O-O Bg1e3
{ resign }
0-1

[Event "Match"]
[Site "www.echecsemail.com"]
[Date "2019.04.21"]
[Round "1"]
[White "Eeze"]
[Black "Whitekknight"]
[WhiteElo "1970"]
[BlackElo "1900"]
[Result "0-1"]
[Round "1"]
1.e4 e5
2.Ng1f3 Nb8c6
3.c3 d5
4.exd5 Qd8xd5
5.c4 Qd5e6
6.Bf1e2 Ng8f6
7.O-O Bf8d6
8.d3 O-O
9.Nb1c3 e4
10.Nf3g5 { time. }
0-1

[Event "Tourn. n10069"]
[Site "www.echecsemail.com"]
[Date "2019.04.22"]
[Round "1"]
[White "Jjmcbride"]
[Black "Passaroa25"]
[WhiteElo "1600"]
[BlackElo "1820"]
[Result "1-0"]
[Round "1"]
1.e4 Nb8c6
2.d4 d6
3.d5 Nc6e5
4.f4 Ne5d7
5.c4 e5
6.Ng1f3 f6
7.f5 Nd7c5
8.b4 Nc5xe4
9.g4 Ng8e7
10.Qd1e2 Ne4g5
11.Nf3xg5 fxg5
12.Bc1xg5 h6
13.Bg5h4 Qd8d7
14.Nb1c3 g5
15.Bh4f2 Bf8g7
16.Qe2f3 Bg7f6
17.Bf1d3 a6
18.b5 a5
19.Nc3a4 O-O
20.Bd3c2 b6
21.h4 Kf7
22.hxg5 Bf6xg5
23.Na4c3 Bc8b7
24.f6 Ne7g8
25.Bc2f5 Qd7e8
26.Bf5e6 { resign }
1-0

[Event "Tourn. n10101"]
[Site "www.echecsemail.com"]
[Date "2019.04.22"]
[Round "1"]
[White "Fabos12"]
[Black "Claudia"]
[WhiteElo "1900"]
[BlackElo "2000"]
[Result "0-1"]
[Round "1"]
1.d4 d5
2.Ng1f3 Ng8f6
3.h3 e6
4.Bc1f4 c5
5.c3 Qd8b6
6.Qd1c2 Nb8c6
7.e3 Bc8d7
8.Bf1e2 Ra8c8
9.Qc2d2 Bf8e7
10.O-O h6
11.a4 { time. }
0-1

[Event "Tourn. n10002"]
[Site "www.echecsemail.com"]
[Date "2019.04.22"]
[Round "1"]
[White "Apdash"]
[Black "Stepanpech"]
[WhiteElo "2350"]
[BlackElo "2530"]
[Result "0-1"]
[Round "1"]
1.e4 c5
2.Ng1f3 e6
3.d4 cxd4
4.Nf3xd4 a6
5.Nb1c3 Nb8c6
6.Bf1c4 Qd8c7
7.Nd4xc6 dxc6
8.O-O b5
9.Bc4e2 Bc8b7
10.f4 Ra8d8
11.Qd1e1 Ng8f6
12.Bc1e3 c5
13.e5 Nf6d7
14.f5 Qc7xe5
15.Be2g4 Bf8d6
16.Be3f4 Qe5d4
17.Kh1 Bd6xf4
18.fxe6 Nd7e5
19.exf7 Kf8
20.Ra1d1 Bf4d2
21.Qe1e2 Ne5xg4
22.Nc3b1 Bb7xg2
23.Kxg2 Ng4e3
24.Kh1 Qd4d5
25.Kg1 Ne3xd1
26.Rf1xd1 Bd2e3
{ resign }
0-1

[Event "Match"]
[Site "www.echecsemail.com"]
[Date "2019.04.22"]
[Round "1"]
[White "Gambitmiau"]
[Black "Double2dutch"]
[WhiteElo "1880"]
[BlackElo "1649"]
[Result "0-1"]
[Round "1"]
1.e4 c5
2.Ng1f3 e6
3.d4 cxd4
4.Nf3xd4 a6
5.Bf1c4 Ng8f6
6.Bc1g5 Qd8a5
7.c3 Qa5xg5
8.Nd4f3 Qg5c5
9.Qd1d3 d5
10.exd5 exd5
11.Bc4b3 Bf8e7
12.O-O O-O
13.c4 dxc4
14.Bb3xc4 b5
15.Bc4b3 Bc8b7
16.Nb1d2 Nb8d7
17.Ra1c1 Qc5b6
18.Rf1e1 Be7c5
19.Nf3e5 Bc5xf2
20.Kh1 Bf2xe1
21.Ne5xd7 Nf6xd7
22.Rc1xe1 Nd7c5
23.Qd3e3 Qb6c6
24.Nd2f3 Nc5xb3
25.axb3 Ra8e8
26.Qe3d2 Re8xe1
27.Qd2xe1 Rf8e8
28.Qe1d2 Qc6d5
29.Qd2c1 Qd5xb3
30.Nf3e5 Re8xe5
31.Qc1d2 Qb3d5
32.Qd2f2 Re5e1
{ resign }
0-1

[Event "Tourn. n10063"]
[Site "www.echecsemail.com"]
[Date "2019.04.22"]
[Round "1"]
[White "Szustan"]
[Black "Jazzy"]
[WhiteElo "2540"]
[BlackElo "2200"]
[Result "1/2-1/2"]
[Round "1"]
1.e4 c6
2.d4 d5
3.Nb1c3 dxe4
4.Nc3xe4 Nb8d7
5.Ng1f3 Ng8f6
6.Ne4g3 e6
7.Bf1d3 c5
8.O-O Bf8e7
9.Qd1e2 O-O
10.Rf1d1 Qd8c7
11.c4 cxd4
12.Nf3xd4 a6
13.b3 Be7d6
14.Bc1b2 Rf8e8
15.Nd4f3 h6
16.Bd3c2 b6
17.Qe2d3 Bd6e7
18.Ng3h5 g6
19.Nh5xf6 Be7xf6
20.Bb2xf6 Nd7xf6
21.Qd3d4 Kg7
22.Qd4c3 Bc8b7
23.Nf3d4 Ra8c8
24.Nd4f3 e5
25.Rd1e1 Bb7xf3
26.Qc3xf3 b5
27.Qf3e2 e4
28.Ra1c1 Re8e6
29.Bc2b1 b4
30.h3 Rc8e8
31.Qe2b2 Qc7c5
32.Re1e3 a5
33.Rc1d1 Kg8
{ draw }
1/2-1/2

[Event "Match"]
[Site "www.echecsemail.com"]
[Date "2019.04.22"]
[Round "1"]
[White "Add"]
[Black "Yudoka"]
[WhiteElo "2130"]
[BlackElo "2270"]
[Result "0-1"]
[Round "1"]
1.e4 e6
2.d4 d5
3.e5 c5
4.c3 Nb8c6
5.Ng1f3 Bc8d7
6.Bf1d3 Qd8b6
7.Nf3g5 cxd4
8.Ng5xf7 Kxf7
9.Qd1h5 g6
10.Bd3xg6 hxg6
11.Qh5xh8 Bf8g7
12.Qh8h3 Nc6xe5
13.O-O Ng8f6
14.cxd4 Qb6xd4
15.Nb1c3 Ra8h8
16.Qh3g3 Nf6h5
17.Qg3e3 Qd4h4
18.Qe3g5 Qh4c4
19.f3 Ne5d3
20.Qg5d2 Bg7d4
{ resign }
0-1

[Event "Tourn. n10097"]
[Site "www.echecsemail.com"]
[Date "2019.04.22"]
[Round "1"]
[White "Myny2005"]
[Black "Cemaah"]
[WhiteElo "2239"]
[BlackElo "2410"]
[Result "1-0"]
[Round "1"]
1.e4 c6
2.d4 d5
3.Nb1c3 dxe4
4.Nc3xe4 Bc8f5
5.Ne4g3 Bf5g6
6.h4 h6
7.Ng1f3 Nb8d7
8.h5 Bg6h7
9.Bf1d3 Bh7xd3
10.Qd1xd3 e6
11.Bc1d2 Ng8f6
12.O-O-O Qd8c7
13.Ng3e4 Bf8e7
14.Ne4xf6 Be7xf6
15.Kb1 O-O-O
16.Qd3a3 b6
17.g3 Kb7
18.Bd2f4 Qc7c8
19.Nf3d2 e5
20.Nd2c4 Ka8
21.dxe5 { resign }
1-0

[Event "Match"]
[Site "www.echecsemail.com"]
[Date "2019.04.22"]
[Round "1"]
[White "Cathar"]
[Black "Usmehs"]
[WhiteElo "2150"]
[BlackElo "2150"]
[Result "0-1"]
[Round "1"]
1.d4 Ng8f6
2.c4 d6
3.Nb1c3 g6
4.e4 Bf8g7
5.f3 O-O
6.Bc1e3 b6
7.Bf1d3 Bc8b7
8.Ng1e2 c5
9.d5 Nb8a6
10.Qd1d2 Na6b4
11.Bd3b1 Nb4a6
12.O-O Na6c7
13.Be3h6 Qd8d7
14.Bh6xg7 Kxg7
15.f4 e5
16.f5 Bb7a6
17.Bb1d3 b5
18.b3 bxc4
19.bxc4 Ra8b8
20.Ne2g3 h6
21.Rf1f3 Rb8b4
22.Qd2e2 Rf8b8
23.fxg6 fxg6
24.Ra1f1 Rb4b2
25.Qe2e1 Nc7e8
26.Nc3d1 Rb2xa2
27.Nd1e3 Rb8b2
28.Bd3b1 Ra2a1
29.Ng3f5 gxf5
30.Ne3xf5 Kh8
31.Qe1h4 Rb2xb1
32.Qh4xh6 Nf6h7
33.Nf5h4 Rb1xf1
{ resign }
0-1

[Event "Tourn. n10085"]
[Site "www.echecsemail.com"]
[Date "2019.04.22"]
[Round "1"]
[White "Fabos12"]
[Black "Claudia"]
[WhiteElo "1890"]
[BlackElo "1850"]
[Result "0-1"]
[Round "1"]
1.d4 d5
2.Ng1f3 Ng8f6
3.Bc1f4 e6
4.Nb1d2 c5
5.c3 Qd8b6
6.Qd1c2 Nb8c6
7.e3 Bc8d7
8.h3 Ra8c8
9.Ra1b1 h6
10.Bf1e2 g5
11.Bf4h2 cxd4
12.Nf3xd4 Nc6xd4
13.exd4 Qb6xd4
14.Nd2f3 Qd4b6
15.Nf3e5 d4
16.Ne5xd7 Nf6xd7
17.O-O Bf8g7
18.c4 O-O
19.b4 Nd7e5
20.c5 Qb6c6
21.a4 Rf8d8
22.Be2b5 Qc6d5
23.Bh2xe5 Qd5xe5
24.Bb5d3 a5
25.Rb1e1 Qe5c7
26.Re1e2 { time. }
0-1

[Event "Tourn. n10086"]
[Site "www.echecsemail.com"]
[Date "2019.04.22"]
[Round "1"]
[White "Tartan"]
[Black "Fegatux"]
[WhiteElo "2510"]
[BlackElo "2240"]
[Result "1-0"]
[Round "1"]
1.d4 d5
2.c4 c6
3.Ng1f3 Ng8f6
4.Nb1c3 e6
5.e3 Nb8d7
6.Bf1d3 Bf8e7
7.O-O O-O
8.b3 b6
9.Bc1b2 Bc8b7
10.Qd1e2 Rf8e8
11.Rf1d1 Bb7a6
12.e4 dxe4
13.Nc3xe4 Qd8c7
14.Nf3e5 g6
15.Ne4g5 Nd7xe5
16.dxe5 Nf6d7
17.Qe2e3 Be7xg5
18.Qe3xg5 Qc7d8
19.Qg5h6 Qd8e7
20.Bd3e4 Ba6b7
21.Rd1d6 Ra8c8
22.a4 Bb7a8
23.Ra1d1 Re8d8
24.Qh6d2 Rc8c7
25.a5 Ba8b7
26.axb6 axb6
27.c5 bxc5
28.Bb2c3 { resign }
1-0

[Event "Tourn. n10028"]
[Site "www.echecsemail.com"]
[Date "2019.04.22"]
[Round "1"]
[White "Cemaah"]
[Black "Jazzy"]
[WhiteElo "2290"]
[BlackElo "2220"]
[Result "0-1"]
[Round "1"]
1.e4 d6
2.d4 Ng8f6
3.Nb1c3 g6
4.Bc1g5 Bf8g7
5.Qd1d2 h6
6.Bg5h4 c6
7.O-O-O Qd8c7
8.Bf1e2 Nb8d7
9.f4 Nd7b6
10.Be2f3 e5
11.dxe5 dxe5
12.fxe5 Nf6d7
13.e6 fxe6
14.Ng1h3 Nb6c4
15.Qd2e2 Nc4xb2
16.Rd1xd7 Bc8xd7
17.e5 Bg7xe5
18.Qe2e4 Kf7
19.Rh1f1 Kg7
20.Bh4g3 Be5xg3
21.hxg3 e5
22.Kxb2 Bd7f5
23.Qe4c4 Rh8e8
24.g4 Bf5e6
25.Qc4e4 Ra8d8
26.Rf1d1 Rd8xd1
27.Nc3xd1 Qc7b6
28.Ka1 Qb6a5
29.c4 Qa5c5
30.Nd1b2 g5
31.Kb1 Be6f7
32.Qe4e1 Qc5d4
33.Nh3f2 e4
34.Bf3e2 e3
35.Nf2d1 Bf7g6
36.Ka1 Qd4d2
37.Qe1xd2 exd2
38.Be2f3 Bg6e4
39.Nd1f2 Be4xf3
40.gxf3 Re8f8
41.Kb1 Rf8xf3
42.Nb2d1 b5
43.cxb5 cxb5
44.Kc2 Rf3a3
45.Kb2 Ra3a4
46.Nd1c3 Ra4f4
47.Nc3d1 Rf4c4
{ resign }
0-1

[Event "Match"]
[Site "www.echecsemail.com"]
[Date "2019.04.22"]
[Round "1"]
[White "Yudoka"]
[Black "Paco"]
[WhiteElo "1809"]
[BlackElo "1980"]
[Result "1-0"]
[Round "1"]
1.d4 d5
2.c4 e6
3.Nb1c3 dxc4
4.Ng1f3 Nb8c6
5.e4 Qd8f6
6.Bf1xc4 Bf8b4
7.e5 Qf6g6
8.O-O Bc8d7
9.Bc4d3 f5
10.d5 Bb4xc3
11.bxc3 exd5
12.e6 Bd7xe6
13.Rf1e1 O-O-O
14.Nf3h4 Qg6f7
15.Re1xe6 g6
16.Re6xc6 bxc6
17.Qd1a4 Kd7
18.Nh4f3 Qf7g7
19.Bc1f4 Rd8a8
20.Nf3e5 Kc8
21.Qa4xc6 Ra8b8
22.Bd3a6 Kd8
23.Bf4g5 { resign }
1-0

[Event "1/64 Finale"]
[Site "www.chess-mail.com"]
[Date "2019.04.22"]
[Round "1"]
[White "Esperanza"]
[Black "Osopanda"]
[WhiteElo "1850"]
[BlackElo "1490"]
[Result "1-0"]
[Round "1"]
1.e4 c5
2.Ng1f3 Nb8c6
3.d4 cxd4
4.Nf3xd4 d6
5.Nb1c3 a6
6.Bc1e3 Ng8f6
7.f3 Nc6xd4
8.Qd1xd4 e6
{ time. }
1-0

[Event "Tourn. n10120"]
[Site "www.echecsemail.com"]
[Date "2019.04.23"]
[Round "1"]
[White "Fantomas"]
[Black "Bojan"]
[WhiteElo "2270"]
[BlackElo "2020"]
[Result "1-0"]
[Round "1"]
1.Ng1f3 d5
2.g3 Nb8d7
3.d4 c5
4.Bf1g2 e6
5.O-O Ng8f6
6.c3 c4
7.b3 b5
8.bxc4 bxc4
9.Nf3d2 Nd7b6
10.Bc1a3 Bf8d6
11.Ba3xd6 Qd8xd6
12.a4 a5
13.Nb1a3 Bc8d7
14.Na3xc4 Nb6xc4
15.Nd2xc4 Qd6c7
16.Nc4e5 Bd7c8
17.c4 Bc8b7
18.c5 Nf6d7
19.Ne5xd7 Qc7xd7
20.Qd1c2 Bb7c6
21.Rf1b1 O-O
22.e3 Rf8b8
23.Rb1b6 Rb8b7
24.Bg2f3 Ra8c8
25.Bf3d1 Rb7a7
26.Ra1b1 g6
27.Rb6b8 Kg7
28.Rb1b6 Qd7c7
29.Qc2b3 Kf6
30.Kg2 h5
31.h4 Ke7
32.Rb8xc8 Qc7xc8
33.Bd1e2 Qc8d7
34.Be2b5 Bc6xb5
35.Qb3xb5 Qd7c7
36.c6 Kd8
37.Qb5c5 Ke8
38.Qc5b5 Kd8
39.Rb6b8 Ke7
40.Qb5c5 Kf6
41.Qc5b5 Ke7
42.Rb8b7 Ra7xb7
43.cxb7 Qc7b8
44.Kf3 Kd6
45.Qb5b6 Kd7
46.g4 hxg4
47.Kxg4 f6
48.Qb6xa5 Qb8xb7
49.Qa5b5 Kc7
50.Qb5xb7 Kxb7
51.h5 { resign }
1-0

[Event "Tourn. n10116"]
[Site "www.echecsemail.com"]
[Date "2019.04.23"]
[Round "1"]
[White "Bojan"]
[Black "Estonia"]
[WhiteElo "2030"]
[BlackElo "1960"]
[Result "1-0"]
[Round "1"]
1.e4 c5
2.Ng1f3 Nb8c6
3.Bf1b5 a6
4.Bb5xc6 bxc6
5.c4 d5
6.Qd1c2 d4
7.d3 Qd8c7
8.e5 Bc8g4
9.Nb1d2 g6
10.h3 Bg4xf3
11.Nd2xf3 Bf8g7
12.Bc1f4 e6
13.O-O Ng8e7
14.Nf3d2 O-O
15.Rf1e1 Rf8b8
16.b3 a5
17.Nd2e4 Qc7a7
18.Bf4g5 Ne7f5
19.g4 Nf5e7
20.Kg2 h6
21.Bg5d2 a4
22.bxa4 Qa7xa4
23.Qc2c1 Bg7xe5
24.Ne4xc5 Qa4a3
25.Nc5d7 Qa3d6
26.Nd7xe5 g5
27.Ne5f3 f6
28.Re1e2 c5
29.h4 Qd6c6
30.hxg5 hxg5
31.Bd2e1 Kf7
32.Re2e4 Rb8h8
33.Be1d2 Ne7g6
34.Bd2xg5 fxg5
35.Qc1xg5 Rh8g8
36.Qg5xg6 Ke7
37.Qg6h7 Kd6
38.Ra1e1 Rg8e8
39.Nf3e5 Qc6a4
40.Qh7b7 Re8e7
41.Qb7c6 Qa4xc6
42.Ne5xc6 Kxc6
43.Re4xe6 Re7xe6
44.Re1xe6 Kd7
45.Re6e2 Ra8a3
46.Re2d2 Ke6
47.f4 Ra3a8
48.Kf3 Ra8h8
49.Ke4 Rh8h1
50.f5 Kd6
51.Kf4 Rh1f1
52.Kg5 Ke7
53.Rd2e2 { resign }
1-0

[Event "Match"]
[Site "www.echecsemail.com"]
[Date "2019.04.23"]
[Round "1"]
[White "Guidom"]
[Black "Yudoka"]
[WhiteElo "2120"]
[BlackElo "2360"]
[Result "0-1"]
[Round "1"]
1.e4 d5
2.e5 Bc8f5
3.d4 e6
4.c3 c5
5.Ng1f3 Nb8c6
6.Bf1b5 Ra8c8
7.O-O Ng8h6
8.Bc1xh6 gxh6
9.Nb1d2 Qd8b6
10.Qd1a4 a6
11.Bb5xc6 Rc8xc6
12.Nd2b3 c4
13.Nb3a5 Bf5c2
14.b3 cxb3
15.Na5xc6 b2
16.Qa4xc2 bxa1Q
17.Rf1xa1 Qb6xc6
18.h3 Bf8g7
19.Qc2b3 O-O
20.Ra1b1 b5
21.Qb3b4 Rf8c8
22.a3 Qc6xc3
23.Rb1b3 Qc3c2
24.Rb3b2 Qc2c1
25.Nf3e1 Bg7f8
26.Qb4d2 Bf8xa3
27.Rb2c2 Rc8xc2
28.Qd2xc2 Qc1xe1
29.Kh2 Ba3c1
30.Kg3 Qe1d2
{ resign }
0-1

[Event "Match"]
[Site "www.echecsemail.com"]
[Date "2019.04.23"]
[Round "1"]
[White "Virgil08bv"]
[Black "Gvladutz"]
[WhiteElo "2580"]
[BlackElo "2480"]
[Result "1/2-1/2"]
[Round "1"]
1.e4 e5
2.Ng1f3 Nb8c6
3.Bf1b5 Bf8c5
4.O-O d6
5.c3 Bc8d7
6.d4 Bc5b6
7.Rf1e1 Ng8f6
8.Nb1a3 O-O
9.Na3c4 Nc6xd4
10.Nf3xd4 exd4
11.Bb5xd7 Qd8xd7
12.cxd4 Rf8e8
13.Nc4xb6 axb6
14.f3 Qd7e6
15.a4 d5
16.e5 Nf6d7
17.Bc1e3 Qe6f5
18.g4 Qf5e6
19.h3 c5
20.f4 Qe6c6
21.f5 Qc6c7
22.Be3f4 Qc7c6
23.dxc5 bxc5
24.Qd1d2 Nd7b6
25.b3 d4
26.Qd2g2 Nb6d5
27.Bf4d2 Ra8d8
28.Qg2g3 Rd8c8
29.Ra1c1 b6
30.h4 Qc6c7
31.h5 f6
32.Re1e4 fxe5
33.Rc1e1 Re8e7
34.Bd2g5 Nd5f6
35.Re4xe5 Rc8e8
36.Bg5f4 Re7xe5
37.Re1xe5 Re8xe5
38.Bf4xe5 Qc7e7
39.Be5xf6 gxf6
40.h6 Kf7
41.Kf2 Qe7d8
42.Qg3f3 Qd8d6
43.Ke2 Qd6h2
44.Kd3 Qh2xh6
45.Qf3b7 Kf8
46.Qb7c8 Kg7
47.Qc8d7 Kf8
48.Qd7d6 { draw }
1/2-1/2

[Event "Tourn. n10092"]
[Site "www.echecsemail.com"]
[Date "2019.04.23"]
[Round "1"]
[White "Picifarkinca"]
[Black "Cathar"]
[WhiteElo "2160"]
[BlackElo "2160"]
[Result "1/2-1/2"]
[Round "1"]
1.e4 e5
2.Ng1f3 Nb8c6
3.Bf1c4 Ng8f6
4.d3 Bf8e7
5.O-O O-O
6.c3 d6
7.Bc4b3 Kh8
8.Nf3g5 Qd8e8
9.f4 h6
10.Ng5f3 Bc8g4
11.Bb3a4 Nf6d7
12.f5 Qe8d8
13.h3 Bg4xf3
14.Qd1xf3 Be7g5
15.Nb1d2 a6
16.Ba4xc6 bxc6
17.Nd2c4 Nd7b6
18.Nc4e3 Nb6d7
19.Ne3g4 Bg5xc1
20.Ra1xc1 Nd7f6
21.Rc1d1 { draw }
1/2-1/2

[Event "Match"]
[Site "www.echecsemail.com"]
[Date "2019.04.23"]
[Round "1"]
[White "Liencam2"]
[Black "Joseph1983"]
[WhiteElo "2300"]
[BlackElo "2160"]
[Result "1-0"]
[Round "1"]
1.e4 d6
2.d4 Ng8f6
3.Nb1c3 g6
4.f4 Bf8g7
5.Ng1f3 O-O
6.Bf1d3 Bc8g4
7.h3 Bg4xf3
8.Qd1xf3 Nb8c6
9.Bc1e3 e5
10.dxe5 dxe5
11.f5 Nc6d4
12.Qf3f2 c6
13.g4 Nf6d7
14.g5 gxf5
15.exf5 Nd7c5
16.O-O-O Nc5xd3
17.Rd1xd3 c5
18.f6 Bg7h8
19.Be3xd4 exd4
20.Nc3e2 Qd8d5
21.Rh1g1 Qd5xa2
22.Rd3a3 Qa2c4
23.h4 Rf8e8
24.Ne2f4 Re8e4
25.Nf4d3 Ra8e8
26.Ra3xa7 Re4e2
27.Qf2xe2 { resign }
1-0

[Event "1/128 Finale"]
[Site "www.chess-mail.com"]
[Date "2019.04.23"]
[Round "1"]
[White "Traub"]
[Black "Joeinpa"]
[WhiteElo "1660"]
[BlackElo "999"]
[Result "1-0"]
[Round "1"]
1.e4 e5
2.f4 Nb8c6
3.Ng1f3 exf4
4.Bf1c4 Bf8d6
5.d4 Bd6b4
6.c3 Bb4d6
7.e5 Bd6e7
8.Bc1xf4 Ng8h6
9.O-O  { time }
1-0

[Event "Tourn. n10108"]
[Site "www.echecsemail.com"]
[Date "2019.04.24"]
[Round "1"]
[White "Dougbeer"]
[Black "Cathar"]
[WhiteElo "2600"]
[BlackElo "2200"]
[Result "1-0"]
[Round "1"]
1.e4 e5
2.Bf1c4 Ng8f6
3.d4 exd4
4.Ng1f3 Nb8c6
5.e5 d5
6.Bc4b5 Nf6e4
7.Nf3xd4 Bc8d7
8.Bb5xc6 bxc6
9.O-O c5
10.Nd4b3 c6
11.f3 Ne4g5
12.c4 dxc4
13.Nb3d2 Ng5e6
14.Nd2xc4 Ne6d4
15.Bc1f4 Bd7e6
16.Nb1d2 Be6xc4
17.Nd2xc4 Qd8d5
18.Qd1a4 Bf8e7
19.Nc4b6 { resign }
1-0